Co lze očekávat od stavebního spoření?
Vysvetlenie jednej z foriem podpory bytovej výstavby, ktorá sa osvedčila v niektorých krajinách s trhovým hospodárstvom a to stavebného sporenia. Orientačný prepočet nákladov na výstavbu bytu. Varianty stavebného sporenia. Náročnosť podmienok sporenia pre čs. podmienky. Význam činiteľa času - rastu...
Uložené v:
| Hlavný autor: | |
|---|---|
| Médium: | Kapitola |
| Jazyk: | Czech |
| Predmet: | |
| Tagy: |
Žiadne tagy, Buďte prvý, kto otaguje tento záznam!
|
MARC
| LEADER | 00000naa a2200000 4500 | ||
|---|---|---|---|
| 001 | r011152 | ||
| 005 | 20220831090130.4 | ||
| 041 | 0 | |a cze | |
| 044 | |a [CS] | ||
| 245 | 1 | 0 | |a Co lze očekávat od stavebního spoření? |c M. Plachký |
| 520 | |a Vysvetlenie jednej z foriem podpory bytovej výstavby, ktorá sa osvedčila v niektorých krajinách s trhovým hospodárstvom a to stavebného sporenia. Orientačný prepočet nákladov na výstavbu bytu. Varianty stavebného sporenia. Náročnosť podmienok sporenia pre čs. podmienky. Význam činiteľa času - rastu cien stavebných prác. V súčasnosti znamená stavebné sporenie diskrimináciu nebývajúcich. | ||
| 610 | 2 | 0 | |a sporenie obyvateľstva |
| 610 | 2 | 0 | |a výstavba bytová |
| 610 | 2 | 0 | |a byty |
| 610 | 2 | 0 | |a politika bytová |
| 100 | 1 | |a Plachký, M. | |